[Event "Lac Beauport"]
[Site "Lac Beauport CAN"]
[Date "2000.11.11"]
[Round "2"]
[White "Tessier, Olivier"]
[Black "Papineau, Daniel"]
[Result "0-1"]
[WhiteElo "2001"]
[BlackElo "2035"]
[PlyCount "64"]
[GameId "2160767911635705"]
[EventDate "2000.11.10"]
[EventType "swiss"]
[EventRounds "5"]
[EventCountry "CAN"]
[SourceTitle "EXT 2022"]
[Source "ChessBase"]
[SourceDate "2021.10.06"]
[SourceVersion "1"]
[SourceVersionDate "2021.10.06"]
[SourceQuality "1"]

1. c4 e5 2. Nc3 f5 3. Nf3 d6 4. d4 e4 5. Bg5 Nf6 6. Nd2 Be7 7. g3 O-O 8. Bg2 c6 9. e3 Kh8 10. O-O Na6 11. Rb1 Nc7 12. b4 d5 13. c5 Bd7 14. a4 Qe8 15. Rb3 h6 16. Bxf6 Rxf6 17. Qe2 g5 18. b5 f4 19. exf4 gxf4 20. bxc6 bxc6 21. gxf4 Ne6 22. Qe3 Nxf4 23. Ne2 Nxg2 24. Kxg2 Qh5 25. Ng3 Qh3+ 26. Kh1 Rg8 27. Rg1 Rfg6 28. Rb7 Bg5 29. Qe1 Bg4 30. Ngf1 Bxd2 31. Nxd2 Bf3+ 32. Nxf3 Qxf3+ 0-1

[Event "Lac Beauport"]
[Site "Lac Beauport CAN"]
[Date "2000.11.11"]
[Round "3"]
[White "Cazelais, Marc"]
[Black "Mikanovic, Goran"]
[Result "0-1"]
[WhiteElo "2170"]
[BlackElo "2316"]
[PlyCount "58"]
[GameId "2160767911635707"]
[EventDate "2000.11.10"]
[EventType "swiss"]
[EventRounds "5"]
[EventCountry "CAN"]
[SourceTitle "EXT 2022"]
[Source "ChessBase"]
[SourceDate "2021.10.06"]
[SourceVersion "1"]
[SourceVersionDate "2021.10.06"]
[SourceQuality "1"]

1. e4 c5 2. Nf3 e6 3. d3 Nc6 4. Nbd2 d5 5. g3 Bd6 6. Bg2 Nge7 7. O-O f6 8. Re1 Qc7 9. exd5 exd5 10. d4 O-O 11. dxc5 Bxc5 12. Nb3 Bb6 13. Be3 Bg4 14. h3 Bh5 15. g4 Bg6 16. Bxb6 Qxb6 17. c3 Be4 18. Qd2 Ng6 19. Nbd4 Nce5 20. Nxe5 fxe5 21. Bxe4 dxe4 22. Nf5 Nf4 23. Rxe4 Nxh3+ 24. Kg2 Rad8 25. Qc2 Nf4+ 26. Kf3 Rxf5 27. gxf5 Rd3+ 28. Re3 Qc6+ 29. Kg4 Qg2+ 0-1

[Event "Lac Beauport"]
[Site "Lac Beauport CAN"]
[Date "2000.11.11"]
[Round "3"]
[White "Fortier, Marc-Andre"]
[Black "Drolet, Stephane"]
[Result "0-1"]
[WhiteElo "2131"]
[BlackElo "1987"]
[PlyCount "103"]
[GameId "2160767911635709"]
[EventDate "2000.11.10"]
[EventType "swiss"]
[EventRounds "5"]
[EventCountry "CAN"]
[SourceTitle "EXT 2022"]
[Source "ChessBase"]
[SourceDate "2021.10.06"]
[SourceVersion "1"]
[SourceVersionDate "2021.10.06"]
[SourceQuality "1"]

1. e4 e6 2. f4 d5 3. e5 c5 4. Nf3 Ne7 5. c3 b6 6. d4 Qd7 7. Be3 Ba6 8. Bxa6 Nxa6 9. Qe2 Qb7 10. Nbd2 Rc8 11. O-O Nb8 12. g4 h5 13. h3 hxg4 14. hxg4 Qa6 15. Kf2 Qxe2+ 16. Kxe2 c4 17. Rf2 Nbc6 18. Ng5 g6 19. Nf1 b5 20. Ng3 Rh4 21. Rh1 Rxh1 22. Nxh1 Bh6 23. Nh7 Kd7 24. f5 Bxe3 25. fxe6+ fxe6 26. Kxe3 Rh8 27. Rh2 Kc7 28. Ng3 b4 29. Rh1 bxc3 30. bxc3 Rb8 31. Rh2 a5 32. Rc2 a4 33. Ne2 Nd8 34. Nf4 a3 35. Nf8 Rb2 36. Rf2 Rb1 37. N4xe6+ Nxe6 38. Nxe6+ Kd7 39. Nc5+ Ke8 40. e6 Re1+ 41. Kf4 Nc6 42. Kg5 Ne7 43. Rh2 Kf8 44. Rh7 Nc6 45. Rc7 Ne7 46. Ra7 Re3 47. Rxa3 Nc6 48. Ra6 Ne7 49. Ra8+ Kg7 50. Ra7 Kf8 51. Nd7+ Kg7 52. Nb6 0-1

[Event "Lac Beauport"]
[Site "Lac Beauport CAN"]
[Date "2000.11.11"]
[Round "3"]
[White "Gaspariants, Vladimir"]
[Black "Sauve, Richard"]
[Result "1-0"]
[WhiteElo "2287"]
[BlackElo "1855"]
[PlyCount "67"]
[GameId "2160767911635710"]
[EventDate "2000.11.10"]
[EventType "swiss"]
[EventRounds "5"]
[EventCountry "CAN"]
[SourceTitle "EXT 2022"]
[Source "ChessBase"]
[SourceDate "2021.10.06"]
[SourceVersion "1"]
[SourceVersionDate "2021.10.06"]
[SourceQuality "1"]

1. e4 e6 2. d4 d5 3. e5 c5 4. c3 Nc6 5. Nf3 Qb6 6. a3 Nh6 7. b4 cxd4 8. Bxh6 gxh6 9. cxd4 Rg8 10. h3 Bd7 11. Nc3 O-O-O 12. Na4 Qc7 13. Rc1 Kb8 14. Qd2 Rc8 15. Nc5 Qd8 16. g3 Bg7 17. Be2 f6 18. exf6 Bxf6 19. Qf4+ Ka8 20. Nxd7 Bg5 21. Nxg5 hxg5 22. Qd2 Qxd7 23. b5 Ne7 24. O-O h6 25. Qb4 Nf5 26. Kg2 Qg7 27. Rcd1 Rc2 28. Bd3 Rc7 29. Bxf5 exf5 30. b6 Rc4 31. Qa5 a6 32. Qxd5 Ra4 33. Rfe1 f4 34. Re7 1-0

[Event "Lac Beauport"]
[Site "Lac Beauport CAN"]
[Date "2000.11.11"]
[Round "3"]
[White "Marineau, Remi"]
[Black "Audet-Bouchard, Nicolas"]
[Result "1/2-1/2"]
[WhiteElo "2000"]
[BlackElo "1863"]
[PlyCount "87"]
[GameId "2160767911635711"]
[EventDate "2000.11.10"]
[EventType "swiss"]
[EventRounds "5"]
[EventCountry "CAN"]
[SourceTitle "EXT 2022"]
[Source "ChessBase"]
[SourceDate "2021.10.06"]
[SourceVersion "1"]
[SourceVersionDate "2021.10.06"]
[SourceQuality "1"]

1. e4 c5 2. Nf3 Nc6 3. d4 cxd4 4. Nxd4 g6 5. Nc3 Bg7 6. Be3 Nf6 7. f4 d6 8. Be2 Bd7 9. O-O O-O 10. Qe1 Nxe4 11. Nxe4 Nxd4 12. Bd3 Rc8 13. c3 Nc6 14. Qh4 d5 15. Nc5 b6 16. Nxd7 Qxd7 17. Rf3 d4 18. Rh3 h6 19. Bd2 f5 20. Re1 Rce8 21. Bb5 Rf6 22. Kh1 Re6 23. Bc4 Nd8 24. cxd4 Kh7 25. Bxe6 Nxe6 26. Bc3 h5 27. Rhe3 Bf6 28. Qg3 Nc7 29. Rd3 Nd5 30. Red1 Qd6 31. Bd2 Rc8 32. a3 Rc2 33. b4 Qc7 34. Qf3 Qc4 35. h3 b5 36. Be1 Kg7 37. g4 hxg4 38. hxg4 fxg4 39. Qxg4 Bxd4 40. f5 Rh2+ 41. Kxh2 Be5+ 42. Kh3 Nf4+ 43. Kh4 Ng2+ 44. Kh3 1/2-1/2

[Event "Lac Beauport"]
[Site "Lac Beauport CAN"]
[Date "2000.11.11"]
[Round "3"]
[White "Moskvitch, Andrei"]
[Black "Paradis, Sylvain"]
[Result "1-0"]
[WhiteElo "2195"]
[BlackElo "1957"]
[PlyCount "83"]
[GameId "2160767911635712"]
[EventDate "2000.11.10"]
[EventType "swiss"]
[EventRounds "5"]
[EventCountry "CAN"]
[SourceTitle "EXT 2022"]
[Source "ChessBase"]
[SourceDate "2021.10.06"]
[SourceVersion "1"]
[SourceVersionDate "2021.10.06"]
[SourceQuality "1"]

1. e4 Nf6 2. e5 Nd5 3. d4 d6 4. c4 Nb6 5. exd6 exd6 6. h3 Bf5 7. Nf3 Be7 8. Be2 Nc6 9. O-O O-O 10. Nc3 Bf6 11. Bf4 Ne7 12. d5 Ng6 13. Bh2 Nh4 14. Nd4 Bg6 15. Qd2 Nf5 16. Nc2 Re8 17. Rae1 Qd7 18. b3 Re7 19. Bd3 Rae8 20. Ne4 Be5 21. Bxe5 dxe5 22. b4 Nd6 23. Nxd6 cxd6 24. Bxg6 hxg6 25. Ne3 Rd8 26. Rd1 Qc8 27. Qc2 Rc7 28. Rc1 g5 29. Qb3 f5 30. c5 f4 31. Ng4 Kh8 32. Rfd1 dxc5 33. d6 Rc6 34. Nxe5 c4 35. Qf3 Kg8 36. Nxc6 Qxc6 37. Qxc6 bxc6 38. Rd4 Rd7 39. a4 Nd5 40. Rcxc4 Rxd6 41. b5 cxb5 42. Rc5 1-0

[Event "Lac Beauport"]
[Site "Lac Beauport CAN"]
[Date "2000.11.11"]
[Round "3"]
[White "Papineau (Granby), Daniel"]
[Black "Touze, Jean Paul"]
[Result "0-1"]
[WhiteElo "2035"]
[BlackElo "2160"]
[PlyCount "34"]
[GameId "2160767911635713"]
[EventDate "2000.11.10"]
[EventType "swiss"]
[EventRounds "5"]
[EventCountry "CAN"]

1. c4 g6 2. Nc3 Bg7 3. g3 c5 4. Bg2 Nc6 5. d3 d6 6. Be3 Nf6 7. h3 Bd7 8. Qd2 a6 9. Bh6 O-O 10. Bxg7 Kxg7 11. Nf3 e5 12. O-O b5 13. Nh4 b4 14. Nd1 Qc8 15. Kh2 Nh5 16. Ne3 Rb8 17. Qd1 Ne7 0-1

[Event "Lac Beauport"]
[Site "Lac Beauport CAN"]
[Date "2000.11.11"]
[Round "3"]
[White "Simard, Francois"]
[Black "Tessier, Olivier"]
[Result "0-1"]
[WhiteElo "1935"]
[BlackElo "2001"]
[PlyCount "72"]
[GameId "2160767911635715"]
[EventDate "2000.11.10"]
[EventType "swiss"]
[EventRounds "5"]
[EventCountry "CAN"]
[SourceTitle "EXT 2022"]
[Source "ChessBase"]
[SourceDate "2021.10.06"]
[SourceVersion "1"]
[SourceVersionDate "2021.10.06"]
[SourceQuality "1"]

1. d4 Nf6 2. c4 c5 3. d5 b5 4. cxb5 a6 5. bxa6 g6 6. Nc3 Bxa6 7. e4 Bxf1 8. Kxf1 d6 9. Nf3 Bg7 10. h3 O-O 11. Kg1 Nbd7 12. Kh2 Qa5 13. Re1 Rfb8 14. Re2 Ne8 15. Qc2 Nc7 16. Nd2 Qa6 17. Re3 Nb5 18. Nxb5 Rxb5 19. Nb1 Be5+ 20. g3 Bd4 21. Ra3 Qb7 22. Rxa8+ Qxa8 23. Nc3 Rb6 24. b3 Qa5 25. Bb2 c4 26. Na4 Bxb2 27. Nxb6 Bxa1 28. Nxd7 Qa7 29. Qxc4 Qxd7 30. Qc6 Qa7 31. Qc2 Bd4 32. Kg2 Bc5 33. Qd2 Qa3 34. f4 Qb4 35. Qe2 Qd4 36. Qc2 f5 0-1

[Event "Lac Beauport"]
[Site "Lac Beauport CAN"]
[Date "2000.11.12"]
[Round "4"]
[White "Angers, Gilles"]
[Black "Papineau (Granby), Daniel"]
[Result "0-1"]
[WhiteElo "2001"]
[BlackElo "2035"]
[PlyCount "74"]
[GameId "2160767911635716"]
[EventDate "2000.11.10"]
[EventType "swiss"]
[EventRounds "5"]
[EventCountry "CAN"]

1. e4 d5 2. exd5 Nf6 3. d4 Bg4 4. Be2 Bxe2 5. Nxe2 Qxd5 6. O-O Nc6 7. Nbc3 Qh5 8. Nf4 Qxd1 9. Rxd1 O-O-O 10. Be3 Nb4 11. Rac1 g5 12. Nfe2 Rg8 13. a3 Nbd5 14. Nxd5 Nxd5 15. Bd2 f5 16. c4 Nf6 17. d5 f4 18. Nd4 e5 19. Ne6 Re8 20. Bc3 Nd7 21. Re1 Bd6 22. b4 c5 23. bxc5 Nxc5 24. Nxc5 Bxc5 25. Rxe5 Rxe5 26. Bxe5 Bxa3 27. Ra1 Bc5 28. h4 Re8 29. Bf6 g4 30. Kf1 Re4 31. Re1 Rxc4 32. Re8+ Kd7 33. Rd8+ Kc7 34. Rh8 f3 35. gxf3 gxf3 36. Ke1 Re4+ 37. Kd1 Bxf2 0-1

[Event "Lac Beauport"]
[Site "Lac Beauport CAN"]
[Date "2000.11.12"]
[Round "4"]
[White "Audet-Bouchard, Nicolas"]
[Black "Masse, Hugues"]
[Result "0-1"]
[WhiteElo "1863"]
[BlackElo "2098"]
[PlyCount "58"]
[GameId "2160767911635717"]
[EventDate "2000.11.10"]
[EventType "swiss"]
[EventRounds "5"]
[EventCountry "CAN"]
[SourceTitle "EXT 2022"]
[Source "ChessBase"]
[SourceDate "2021.10.06"]
[SourceVersion "1"]
[SourceVersionDate "2021.10.06"]
[SourceQuality "1"]

1. e4 c5 2. Nf3 d6 3. d4 cxd4 4. Nxd4 Nf6 5. Nc3 g6 6. Be3 Bg7 7. f3 Nc6 8. Bc4 O-O 9. Qd2 Bd7 10. O-O-O Rc8 11. Bb3 Ne5 12. h4 Nc4 13. Bxc4 Rxc4 14. h5 Nxh5 15. g4 Nf6 16. Bh6 Nxe4 17. Nxe4 Rxd4 18. Qh2 Be5 19. Qh4 Rxd1+ 20. Kxd1 f5 21. Bxf8 Kxf8 22. Ng5 Qb6 23. gxf5 Bxf5 24. Qc4 Ke8 25. Rxh7 Qg1+ 26. Ke2 Qxg5 27. Qc7 Qg2+ 28. Ke3 Bd4+ 29. Kxd4 Qd2+ 0-1

[Event "Lac Beauport"]
[Site "Lac Beauport CAN"]
[Date "2000.11.12"]
[Round "4"]
[White "Belanger, Jacques"]
[Black "Marineau, Remi"]
[Result "1/2-1/2"]
[WhiteElo "2098"]
[BlackElo "2000"]
[PlyCount "76"]
[GameId "2160767911635718"]
[EventDate "2000.11.10"]
[EventType "swiss"]
[EventRounds "5"]
[EventCountry "CAN"]
[SourceTitle "EXT 2022"]
[Source "ChessBase"]
[SourceDate "2021.10.06"]
[SourceVersion "1"]
[SourceVersionDate "2021.10.06"]
[SourceQuality "1"]

1. e4 c5 2. Nf3 e6 3. d4 cxd4 4. Nxd4 Nf6 5. Nc3 d6 6. Bc4 a6 7. Bb3 b5 8. O-O b4 9. Na4 Nxe4 10. f4 Nf6 11. Qf3 d5 12. c4 dxc4 13. Qxa8 Qxd4+ 14. Kh1 Bd6 15. Rd1 Qe4 16. Qxe4 Nxe4 17. Rd4 cxb3 18. Rxe4 bxa2 19. Rxa2 Bb7 20. Rd4 Ke7 21. b3 Rc8 22. Be3 Bd5 23. Nb6 Rc3 24. Rxd5 Rxe3 25. Nc8+ Kf6 26. Rd1 Bxf4 27. Rf2 Kg5 28. g3 Be5 29. Nd6 Bxd6 30. Rxd6 Rxb3 31. Rxf7 Rc3 32. Rxg7+ Kf6 33. Rb7 Ke5 34. Rbb6 b3 35. Rxe6+ Kd5 36. Rh6 Nd7 37. Rbd6+ Ke5 38. Rxd7 b2 1/2-1/2

[Event "Lac Beauport"]
[Site "Lac Beauport CAN"]
[Date "2000.11.12"]
[Round "4"]
[White "Gaspariants, Vladimir"]
[Black "Fortier, Marc-Andre"]
[Result "1-0"]
[WhiteElo "2287"]
[BlackElo "2131"]
[PlyCount "147"]
[GameId "2160767911635719"]
[EventDate "2000.11.10"]
[EventType "swiss"]
[EventRounds "5"]
[EventCountry "CAN"]
[SourceTitle "EXT 2022"]
[Source "ChessBase"]
[SourceDate "2021.10.06"]
[SourceVersion "1"]
[SourceVersionDate "2021.10.06"]
[SourceQuality "1"]

1. e4 c5 2. Nc3 Nc6 3. g3 g6 4. Bg2 Bg7 5. d3 d6 6. Be3 e6 7. Qd2 Nge7 8. Nd1 b6 9. Bh6 Bxh6 10. Qxh6 Ba6 11. Qg7 Rf8 12. Qc3 Qc7 13. Ne2 O-O-O 14. Ne3 d5 15. exd5 exd5 16. Qa3 Bb7 17. O-O-O d4 18. Nf1 Ne5 19. Bxb7+ Qxb7 20. Nd2 Ng4 21. Rhf1 Nd5 22. h3 Nge3 23. fxe3 Nxe3 24. Rg1 Nxd1 25. Kxd1 Rfe8 26. b4 Qe7 27. Re1 cxb4 28. Qb2 Qe6 29. h4 a5 30. Nb3 Qg4 31. Nbxd4 Kb7 32. Kd2 Rxd4 33. Nxd4 Rxe1 34. Kxe1 Qxg3+ 35. Ke2 Qh2+ 36. Kd1 Qxh4 37. Nf3 Qf4 38. Ke2 f6 39. Qd4 Qc7 40. Qe4+ Kc8 41. Kd1 f5 42. Qe6+ Kb7 43. Ne5 Qc5 44. Qd7+ Qc7 45. Qd5+ Ka6 46. Qc4+ Qxc4 47. Nxc4 Kb5 48. Ke2 a4 49. Ke3 Kc5 50. Nb2 b5 51. d4+ Kd5 52. Nd3 Kc4 53. Ne5+ Kd5 54. Nf3 h6 55. Ne5 g5 56. Nf3 g4 57. Ne5 f4+ 58. Kd3 h5 59. Ng6 f3 60. Nf4+ Kd6 61. Nxh5 f2 62. Ng3 Kd5 63. Nf1 Ke6 64. Ke4 Kd6 65. d5 Kc5 66. Ke5 Kc4 67. d6 b3 68. axb3+ axb3 69. cxb3+ Kd3 70. Ng3 Ke3 71. d7 Kf3 72. Nf1 Ke2 73. d8=Q Kxf1 74. Qd1+ 1-0

[Event "Lac Beauport"]
[Site "Lac Beauport CAN"]
[Date "2000.11.12"]
[Round "4"]
[White "Tessier, Olivier"]
[Black "Drolet, Stephane"]
[Result "1-0"]
[WhiteElo "2001"]
[BlackElo "1987"]
[PlyCount "115"]
[GameId "2160767911635722"]
[EventDate "2000.11.10"]
[EventType "swiss"]
[EventRounds "5"]
[EventCountry "CAN"]
[SourceTitle "EXT 2022"]
[Source "ChessBase"]
[SourceDate "2021.10.06"]
[SourceVersion "1"]
[SourceVersionDate "2021.10.06"]
[SourceQuality "1"]

1. c4 c5 2. Nc3 Nc6 3. g3 g6 4. Bg2 Bg7 5. Nf3 e6 6. d4 Nxd4 7. Nxd4 cxd4 8. Ne4 d5 9. cxd5 exd5 10. Qa4+ Kf8 11. Ng5 Bf6 12. Nf3 Kg7 13. Nxd4 Ne7 14. O-O Bd7 15. Qd1 Nc6 16. Be3 Nxd4 17. Bxd4 Bc6 18. Rc1 Bxd4 19. Qxd4+ Qf6 20. Qd2 Rad8 21. Rfd1 Rhe8 22. e3 a6 23. Rc3 Rd7 24. Rd3 Red8 25. Rd4 Qe5 26. Qa5 Qe6 27. R1d2 Kg8 28. Bf3 Rd6 29. Bd1 Qf6 30. Ba4 Bxa4 31. Qxa4 Qe6 32. Qd1 f5 33. Qb3 Rb6 34. Rb4 Rxb4 35. Qxb4 Qc6 36. Rd4 Rd7 37. Qd2 Rc7 38. Rxd5 Qc1+ 39. Qxc1 Rxc1+ 40. Kg2 Rc7 41. Kf3 Kf7 42. h4 Ke6 43. Rd4 Rc2 44. Rb4 b5 45. a4 bxa4 46. Rxa4 Rxb2 47. Rxa6+ Kf7 48. Ra7+ Kg8 49. h5 Rc2 50. h6 Rc1 51. Kf4 Rc8 52. Kg5 Rd8 53. Rg7+ Kh8 54. Re7 Kg8 55. f3 Ra8 56. e4 fxe4 57. fxe4 Rb8 58. e5 1-0

[Event "Lac Beauport"]
[Site "Lac Beauport CAN"]
[Date "2000.11.12"]
[Round "4"]
[White "Touze, Jean Paul"]
[Black "Moskvitch, Andrei"]
[Result "0-1"]
[WhiteElo "2160"]
[BlackElo "2195"]
[PlyCount "124"]
[GameId "2160767911635723"]
[EventDate "2000.11.10"]
[EventType "swiss"]
[EventRounds "5"]
[EventCountry "CAN"]
[SourceTitle "EXT 2022"]
[Source "ChessBase"]
[SourceDate "2021.10.06"]
[SourceVersion "1"]
[SourceVersionDate "2021.10.06"]
[SourceQuality "1"]

1. e4 c5 2. f4 d5 3. e5 Nc6 4. c3 Bf5 5. d3 h5 6. Nd2 e6 7. Ndf3 b5 8. d4 c4 9. b3 Rb8 10. a4 Na5 11. axb5 Nxb3 12. Rxa7 Rxb5 13. Nd2 Qb8 14. Ra2 Nxd2 15. Qxd2 Ne7 16. Be2 Bb1 17. Ra1 f6 18. Bd1 Kf7 19. Nh3 Bf5 20. Nf2 Nc6 21. O-O Na5 22. Qa2 Nb3 23. Qa7+ Be7 24. Bxb3 Rxb3 25. Bd2 Qxa7 26. Rxa7 Rhb8 27. h3 Rb2 28. Bc1 R2b7 29. Rxb7 Rxb7 30. Nd1 Bd3 31. Re1 Rb3 32. Kf2 Ba3 33. Bd2 h4 34. g4 hxg3+ 35. Kxg3 Bb2 36. Kf2 Ba1 37. h4 Bg6 38. Kg2 Bh5 39. f5 Bxd1 40. fxe6+ Kxe6 41. exf6+ Kxf6 42. Rxd1 Bxc3 43. Rf1+ Ke6 44. Be3 Rb2+ 45. Kf3 Bd2 46. Rf2 c3 47. Bxd2 Rxd2 48. Rxd2 cxd2 49. Ke2 Kf5 50. Kxd2 Kg4 51. Ke3 Kxh4 52. Kf4 g5+ 53. Ke5 g4 54. Kxd5 g3 55. Kc6 g2 56. d5 g1=Q 57. d6 Qc1+ 58. Kb7 Qb2+ 59. Kc8 Qc3+ 60. Kd8 Qa5+ 61. Ke7 Qe5+ 62. Kd7 Kg5 0-1

[Event "Lac Beauport"]
[Site "Lac Beauport CAN"]
[Date "2000.11.12"]
[Round "5"]
[White "Chabot, Roland"]
[Black "Masse, Hugues"]
[Result "1-0"]
[WhiteElo "2263"]
[BlackElo "2098"]
[PlyCount "75"]
[GameId "2160767911635724"]
[EventDate "2000.11.10"]
[EventType "swiss"]
[EventRounds "5"]
[EventCountry "CAN"]
[SourceTitle "EXT 2022"]
[Source "ChessBase"]
[SourceDate "2021.10.06"]
[SourceVersion "1"]
[SourceVersionDate "2021.10.06"]
[SourceQuality "1"]

1. d4 Nf6 2. c4 g6 3. Nc3 d5 4. Nf3 Bg7 5. Bg5 Ne4 6. cxd5 Nxg5 7. Nxg5 e6 8. Nf3 exd5 9. e3 O-O 10. b4 Be6 11. Bd3 Nd7 12. O-O c5 13. bxc5 Nxc5 14. dxc5 Bxc3 15. Rc1 Bf6 16. Nd4 Rc8 17. Qf3 Rc7 18. c6 Qd6 19. h4 Bxh4 20. Nxe6 fxe6 21. Qg4 Qe7 22. g3 Bf6 23. cxb7 Rxc1 24. Rxc1 Qxb7 25. Qxe6+ Kh8 26. Qd6 Be7 27. Qe5+ Bf6 28. Qf4 Bg7 29. Qd6 Qf7 30. f4 Qf6 31. Qd7 d4 32. e4 g5 33. e5 Qh6 34. Rc6 Qh5 35. Rc7 Rg8 36. Bc4 Qd1+ 37. Kf2 g4 38. Qxg7+ 1-0

[Event "Lac Beauport"]
[Site "Lac Beauport CAN"]
[Date "2000.11.12"]
[Round "5"]
[White "Fortier, Marc-Andre"]
[Black "Belanger, Jacques"]
[Result "1/2-1/2"]
[WhiteElo "2131"]
[BlackElo "2098"]
[PlyCount "67"]
[GameId "2160767911635725"]
[EventDate "2000.11.10"]
[EventType "swiss"]
[EventRounds "5"]
[EventCountry "CAN"]
[SourceTitle "EXT 2022"]
[Source "ChessBase"]
[SourceDate "2021.10.06"]
[SourceVersion "1"]
[SourceVersionDate "2021.10.06"]
[SourceQuality "1"]

1. e4 c5 2. Nc3 Nc6 3. g3 g6 4. Bg2 Bg7 5. d3 d6 6. f4 e6 7. Nf3 Nge7 8. O-O O-O 9. Be3 Nd4 10. Qd2 Rb8 11. Nh4 f5 12. Nd1 b5 13. c3 Ndc6 14. exf5 exf5 15. Nf3 b4 16. d4 bxc3 17. Nxc3 cxd4 18. Nxd4 Nxd4 19. Bxd4 Bxd4+ 20. Qxd4 Rxb2 21. Rab1 Qb6 22. Qxb6 Rxb6 23. Rxb6 axb6 24. Nd5 Nxd5 25. Bxd5+ Kg7 26. Rb1 Re8 27. Kf2 Be6 28. Bxe6 Rxe6 29. Rxb6 h5 30. a4 Re4 31. a5 Ra4 32. a6 d5 33. Ke3 h4 34. Rd6 1/2-1/2

[Event "Lac Beauport"]
[Site "Lac Beauport CAN"]
[Date "2000.11.12"]
[Round "5"]
[White "Marineau, Remi"]
[Black "Touze, Jean Paul"]
[Result "1-0"]
[WhiteElo "2000"]
[BlackElo "2160"]
[PlyCount "63"]
[GameId "2160767911635726"]
[EventDate "2000.11.10"]
[EventType "swiss"]
[EventRounds "5"]
[EventCountry "CAN"]
[SourceTitle "EXT 2022"]
[Source "ChessBase"]
[SourceDate "2021.10.06"]
[SourceVersion "1"]
[SourceVersionDate "2021.10.06"]
[SourceQuality "1"]

1. e4 g6 2. d4 Bg7 3. Nc3 d6 4. Be3 a6 5. f4 b5 6. Nf3 Bb7 7. Bd3 e6 8. O-O Nf6 9. f5 b4 10. e5 dxe5 11. dxe5 bxc3 12. exf6 Bxf6 13. fxe6 fxe6 14. bxc3 Bxc3 15. Rb1 Qd5 16. Qe2 Bc6 17. Ng5 Bd4 18. Bxd4 Qxd4+ 19. Kh1 e5 20. Rbd1 Qc5 21. Nxh7 Nd7 22. Bxg6+ Kd8 23. Nf6 Rh6 24. Nxd7 Bxd7 25. Qg4 Kc8 26. Qxd7+ Kb7 27. Be4+ Ka7 28. Bxa8 Kxa8 29. Qc8+ Ka7 30. Rb1 Rb6 31. Rxb6 Kxb6 32. Rf3 1-0

[Event "Lac Beauport"]
[Site "Lac Beauport CAN"]
[Date "2000.11.12"]
[Round "5"]
[White "Martineau, Michel"]
[Black "Simard, Francois"]
[Result "0-1"]
[WhiteElo "1895"]
[BlackElo "1935"]
[PlyCount "54"]
[GameId "2160767911635727"]
[EventDate "2000.11.10"]
[EventType "swiss"]
[EventRounds "5"]
[EventCountry "CAN"]
[SourceTitle "EXT 2022"]
[Source "ChessBase"]
[SourceDate "2021.10.06"]
[SourceVersion "1"]
[SourceVersionDate "2021.10.06"]
[SourceQuality "1"]

1. f4 d5 2. b3 Bg4 3. h3 Bh5 4. g4 Bg6 5. Nf3 e6 6. Bb2 Nf6 7. Bg2 c5 8. O-O Nc6 9. e3 Bd6 10. d3 O-O 11. Nbd2 Qc7 12. Nh4 h6 13. Ndf3 Rad8 14. Nxg6 fxg6 15. Nh4 Kh7 16. Qe2 d4 17. g5 hxg5 18. fxg5 Bh2+ 19. Kh1 Nh5 20. Rf3 Rxf3 21. Qxf3 Ne5 22. Qxb7 Qd6 23. Be4 Rf8 24. Nf3 Ng3+ 25. Kxh2 Nxe4 26. Nxe5 Qxe5+ 27. Kh1 Rf2 0-1

[Event "Lac Beauport"]
[Site "Lac Beauport CAN"]
[Date "2000.11.12"]
[Round "5"]
[White "Saint Onge, Roland"]
[Black "Audet-Bouchard, Nicolas"]
[Result "1-0"]
[WhiteElo "1758"]
[BlackElo "1863"]
[PlyCount "77"]
[GameId "2160767911635729"]
[EventDate "2000.11.10"]
[EventType "swiss"]
[EventRounds "5"]
[EventCountry "CAN"]
[SourceTitle "EXT 2022"]
[Source "ChessBase"]
[SourceDate "2021.10.06"]
[SourceVersion "1"]
[SourceVersionDate "2021.10.06"]
[SourceQuality "1"]

1. e4 c5 2. Nf3 Nc6 3. Bc4 g6 4. c3 Bg7 5. O-O e5 6. d4 cxd4 7. Qb3 Qe7 8. Bg5 Nf6 9. cxd4 O-O 10. Nc3 Na5 11. Qb5 Nxc4 12. Qxc4 exd4 13. Nxd4 h6 14. Nd5 Qd6 15. Nb5 Qa6 16. Ndc7 Qc6 17. Qxc6 bxc6 18. Bxf6 Bxf6 19. Nxa8 cxb5 20. Nc7 Bxb2 21. Rab1 Be5 22. Nxb5 Bb7 23. Nd6 Bc6 24. Nc4 Bc7 25. f3 d5 26. Nd2 Bb6+ 27. Kh1 dxe4 28. Nxe4 Kg7 29. Rfe1 Bd5 30. a4 Bc6 31. Ra1 Re8 32. a5 Bd4 33. Rad1 Bb2 34. Nd6 Rxe1+ 35. Rxe1 Bd5 36. Re7 Ba3 37. Rxa7 Bxd6 38. Rd7 Bb4 39. Rxd5 1-0

[Event "Lanaudiere"]
[Site "Repentigny CAN"]
[Date "2000.08.18"]
[Round "1"]
[White "Fortier, Marc-Andre"]
[Black "Cardin, Guillaume"]
[Result "1-0"]
[WhiteElo "2124"]
[BlackElo "1887"]
[PlyCount "53"]
[GameId "2160767911652700"]
[EventDate "2000.08.18"]
[EventType "swiss"]
[EventRounds "5"]
[EventCountry "CAN"]

1. e4 c5 2. Nc3 Nc6 3. g3 g6 4. Bg2 Bg7 5. d3 d6 6. f4 e6 7. Nf3 Nge7 8. O-O O-O 9. Be3 Nd4 10. Qd2 Rb8 11. Nh4 b5 12. Nd1 f5 13. c3 Ndc6 14. exf5 exf5 15. Nf3 Re8 16. Bf2 b4 17. d4 bxc3 18. bxc3 Be6 19. Ng5 Bc4 20. Re1 Qa5 21. Ne3 Ba6 22. dxc5 Bxc3 23. Qxd6 Rf8 24. Nd5 Bxe1 25. Nxe7+ Nxe7 26. Qe6+ Kh8 27. Bd4+ 1-0

[Event "Lanaudiere"]
[Site "Repentigny CAN"]
[Date "2000.08.18"]
[Round "1"]
[White "Weston, Paul"]
[Black "Charbonneau, Anne-Marie"]
[Result "0-1"]
[WhiteElo "2015"]
[BlackElo "1780"]
[PlyCount "64"]
[GameId "2160767911652702"]
[EventDate "2000.08.18"]
[EventType "swiss"]
[EventRounds "5"]
[EventCountry "CAN"]

1. c4 Nf6 2. Nc3 e6 3. d4 d5 4. cxd5 exd5 5. Bg5 Be7 6. e3 c6 7. Qc2 O-O 8. Bd3 Nbd7 9. Nge2 Re8 10. O-O Nf8 11. Rae1 g6 12. a3 a5 13. f3 Ne6 14. Bh4 Ng7 15. e4 dxe4 16. fxe4 Ng4 17. Bxe7 Qxe7 18. Nf4 Qd6 19. d5 g5 20. h3 Qc5+ 21. Kh1 Ne3 22. Rxe3 Qxe3 23. Nfe2 g4 24. e5 gxh3 25. g3 Bg4 26. Bxh7+ Kh8 27. e6 f5 28. Bxf5 Nxf5 29. Rxf5 Bf3+ 30. Kh2 Qf2+ 31. Kxh3 Qg2+ 32. Kh4 Rg8 0-1

[Event "Lanaudiere"]
[Site "Repentigny CAN"]
[Date "2000.10.14"]
[Round "1"]
[White "Gerard, Patrice"]
[Black "Cloutier, Mario"]
[Result "1-0"]
[WhiteElo "1421"]
[BlackElo "1531"]
[PlyCount "73"]
[GameId "2160767911652703"]
[EventDate "2000.08.18"]
[EventType "swiss"]
[EventRounds "5"]
[EventCountry "CAN"]

1. d4 Nf6 2. c4 e6 3. g3 d5 4. cxd5 exd5 5. Bg2 c6 6. Nf3 Bf5 7. Bf4 Qb6 8. Qc1 Bxb1 9. Rxb1 Bb4+ 10. Bd2 Ne4 11. e3 O-O 12. O-O Be7 13. Bc3 Nd7 14. Nd2 Nd6 15. a3 a5 16. a4 Qa6 17. Re1 Rfe8 18. b3 Bf8 19. Qc2 Nf6 20. Bf1 Qb6 21. b4 axb4 22. Bxb4 Qa7 23. Ra1 Nde4 24. Bxf8 Rxf8 25. Bd3 Nd6 26. Reb1 Qa5 27. Nb3 Qc7 28. Nc5 Ra5 29. e4 dxe4 30. Bxe4 Rxc5 31. Bxh7+ Nxh7 32. dxc5 Nc8 33. Rb4 Ne7 34. Rab1 Rb8 35. Qb2 Qa5 36. Qe5 Qd8 37. a5 1-0